[Event "Ortisei Server24 op 2nd"]
[Site "Ortisei"]
[Date "2013.06.05"]
[Round "5"]
[White "Neubauer, Kai"]
[Black "Zucchelli, Massimo"]
[Result "0-1"]
[WhiteElo "2013"]
[BlackElo "2186"]
[PlyCount "40"]
[EventDate "2013.06.01"]
[EventType "swiss"]
[EventRounds "9"]
[EventCountry "ITA"]
[SourceTitle "CBM 154 Extra"]
[Source "ChessBase"]
[SourceDate "2013.06.25"]
[SourceVersion "2"]
[SourceVersionDate "2013.06.25"]
[SourceQuality "1"]

1. d4 Nf6 2. Nf3 e6 3. Bf4 c5 4. c3 Qb6 5. Qb3 Qxb3 6. axb3 Nc6 7. dxc5 Bxc5 8. b4 Bb6 9. Nbd2 d5 10. e3 0-0 11. Be2 Rd8 12. b5 Ne7 13. Ne5 Nd7 14. 0-0 f6 15. Nxd7 Bxd7 16. Bd6 Nf5 17. Bg3 Nxe3 18. fxe3 Bxe3+ 19. Bf2 Bxd2 20. Bxa7 Rxa7 0-1

[Event "Ortisei Server24 op 2nd"]
[Site "Ortisei"]
[Date "2013.06.03"]
[Round "3"]
[White "Curien, Nicolas"]
[Black "Neubauer, Kai"]
[Result "1-0"]
[WhiteElo "2204"]
[BlackElo "2013"]
[PlyCount "105"]
[EventDate "2013.06.01"]
[EventType "swiss"]
[EventRounds "9"]
[EventCountry "ITA"]
[SourceTitle "CBM 154 Extra"]
[Source "ChessBase"]
[SourceDate "2013.06.25"]
[SourceVersion "2"]
[SourceVersionDate "2013.06.25"]
[SourceQuality "1"]

1. d4 Nf6 2. Bg5 e6 3. e3 c5 4. Nd2 Nc6 5. Ngf3 Be7 6. c3 b6 7. Bd3 Bb7 8. Qe2 Rc8 9. 0-0 h6 10. Bxf6 Bxf6 11. Rad1 0-0 12. Bb1 g6 13. Ne4 d5 14. dxc5 Be7 15. cxb6 Qxb6 16. Ng3 Ba6 17. Bd3 Bxd3 18. Rxd3 Rb8 19. Rd2 Na5 20. b3 Rbc8 21. Rc2 Rc7 22. e4 dxe4 23. Nxe4 Nc6 24. Rd1 Re8 25. Rcd2 Qa5 26. h3 Ne5 27. c4 Kg7 28. Nxe5 Qxe5 29. Qf3 Bb4 30. Re2 Qf5 31. Nd6 Bxd6 32. Qxf5 gxf5 33. Rxd6 Kf6 34. Red2 Kg5 35. Kf1 e5 36. Ke2 h5 37. R2d5 e4 38. g3 Rce7 39. Ke3 f6 40. Ra5 Kg6 41. h4 Re6 42. Rdd5 Re5 43. Rxa7 Rxd5 44. cxd5 Rc8 45. Kd4 Rc2 46. a4 Rxf2 47. d6 Rf3 48. Re7 Rxg3 49. Kc4 Rd3 50. d7 Rd1 51. a5 e3 52. Rxe3 f4 53. Rd3 1-0

[Event "Arvier Amatori op 2nd"]
[Site "Arvier"]
[Date "2012.01.07"]
[Round "6"]
[White "Neubauer, Kai"]
[Black "Seletsky, Grigory"]
[Result "0-1"]
[WhiteElo "2039"]
[BlackElo "2277"]
[PlyCount "30"]
[EventDate "2012.01.02"]
[EventType "swiss"]
[EventRounds "7"]
[EventCountry "ITA"]
[SourceTitle "EXT 2014"]
[Source "ChessBase"]
[SourceDate "2013.11.20"]
[SourceVersion "1"]
[SourceVersionDate "2013.11.20"]
[SourceQuality "1"]

1. d4 c5 2. d5 e5 3. e4 d6 4. Bb5+ Nd7 5. a4 Ngf6 6. Nc3 Be7 7. Nf3 0-0 8. 0-0 Ne8 9. Bd3 g6 10. Nd2 Bg5 11. g3 f5 12. exf5 gxf5 13. f4 Be7 14. Bxf5 Rxf5 15. Qg4+ Ng7 0-1

[Event "Di Roseto op 1st"]
[Site "Di Roseto"]
[Date "2010.06.07"]
[Round "4"]
[White "Sveshnikov, Vladimir"]
[Black "Neubauer, Kai"]
[Result "1-0"]
[WhiteElo "2382"]
[BlackElo "2028"]
[PlyCount "81"]
[EventDate "2010.06.04"]
[EventType "swiss"]
[EventRounds "9"]
[EventCountry "ITA"]
[SourceTitle "CBM 136 Extra"]
[Source "ChessBase"]
[SourceDate "2010.07.02"]
[SourceVersion "2"]
[SourceVersionDate "2010.07.15"]
[SourceQuality "1"]

1. e4 c5 2. c3 d5 3. exd5 Qxd5 4. d4 cxd4 5. cxd4 Nc6 6. Nf3 e5 7. Nc3 Bb4 8. Bd2 Bxc3 9. Bxc3 e4 10. Ne5 Nxe5 11. dxe5 Ne7 12. Qe2 0-0 13. Rd1 Qxa2 14. Qxe4 Bf5 15. Qxb7 Rad8 16. Be2 Nd5 17. Bd4 Qa5+ 18. b4 Nxb4 19. 0-0 Rd7 20. Qf3 Bc2 21. Ra1 Qd5 22. Bc3 Nd3 23. Qxd5 Rxd5 24. f4 Rd7 25. Ra3 Rb8 26. f5 Nc5 27. e6 fxe6 28. fxe6 Re7 29. Be5 Rd8 30. Rc3 Rd5 31. Bg3 Bg6 32. Bf3 Rf5 33. Bd6 Rxe6 34. Bxc5 a5 35. Rd1 Re8 36. Ba3 Rfe5 37. Rc7 Re1+ 38. Rxe1 Rxe1+ 39. Kf2 Re8 40. Bd5+ Kh8 41. Bb2 1-0

[Event "Cutro op-A 15th"]
[Site "Cutro"]
[Date "2009.04.20"]
[Round "3"]
[White "Van Hoolandt, Patrick"]
[Black "Neubauer, Kai"]
[Result "1-0"]
[WhiteElo "2224"]
[BlackElo "2020"]
[PlyCount "111"]
[EventDate "2009.04.18"]
[EventType "swiss"]
[EventRounds "9"]
[EventCountry "ITA"]
[SourceTitle "CBM 129 Extra"]
[Source "ChessBase"]
[SourceDate "2009.05.05"]
[SourceVersion "2"]
[SourceVersionDate "2009.05.20"]
[SourceQuality "1"]

1. d4 d5 2. c4 e6 3. Nf3 Nf6 4. Nc3 Be7 5. Qc2 Nbd7 6. cxd5 exd5 7. Bg5 0-0 8. e3 Re8 9. Bd3 Nf8 10. h3 c6 11. 0-0 Ne4 12. Bf4 f5 13. Ne5 Ng6 14. Nxe4 Nxe5 15. Nc5 Nxd3 16. Nxd3 Be6 17. Rfc1 Bg5 18. Be5 Rf8 19. b4 Qe8 20. Kh2 Bh6 21. f4 Rc8 22. Qe2 Qe7 23. Rc5 Rfe8 24. Rac1 Bd7 25. Ra5 Ra8 26. Ra3 g6 27. Rb3 b5 28. Qe1 Qd8 29. Nc5 Bf8 30. Nb7 Qc8 31. Na5 Re6 32. a3 Be7 33. Rbc3 Qa6 34. Ra1 Bd8 35. Nb3 Be7 36. Rc2 Qa4 37. Qc3 Qa6 38. Nc1 Qc8 39. Nd3 Qf8 40. Qb3 a5 41. bxa5 Rxa5 42. a4 g5 43. fxg5 Bxg5 44. Nc5 bxa4 45. Qc3 Rxc5 46. dxc5 Qe7 47. Bd6 Rxd6 48. cxd6 Qxd6+ 49. Kh1 Bf6 50. Qa3 Qe5 51. Rf1 Qg3 52. Rf3 Qe1+ 53. Kh2 Be5+ 54. g3 d4 55. Qe7 d3 56. Qd8+ 1-0

[Event "Cutro op-A 15th"]
[Site "Cutro"]
[Date "2009.04.19"]
[Round "2"]
[White "Neubauer, Kai"]
[Black "Bentivegna, Francesco"]
[Result "0-1"]
[WhiteElo "2020"]
[BlackElo "2326"]
[PlyCount "68"]
[EventDate "2009.04.18"]
[EventType "swiss"]
[EventRounds "9"]
[EventCountry "ITA"]
[SourceTitle "CBM 129 Extra"]
[Source "ChessBase"]
[SourceDate "2009.05.05"]
[SourceVersion "2"]
[SourceVersionDate "2009.05.20"]
[SourceQuality "1"]

1. d4 f5 2. Nf3 Nf6 3. g3 e6 4. Bg2 d5 5. c4 c6 6. 0-0 Bd6 7. Nbd2 Nbd7 8. b3 0-0 9. Bb2 Ne4 10. e3 Ndf6 11. Qe2 Bd7 12. Rad1 Be8 13. Ne5 Bh5 14. Bf3 Nxd2 15. Rxd2 Bxf3 16. Nxf3 Ne4 17. Rc2 g5 18. Ne5 g4 19. f3 gxf3 20. Qxf3 Bxe5 21. dxe5 dxc4 22. Rd1 Qe7 23. Rxc4 Rad8 24. Rcd4 c5 25. Rxd8 Rxd8 26. Rxd8+ Qxd8 27. Qe2 Qd5 28. g4 Ng5 29. h4 Nf3+ 30. Kf2 fxg4 31. Kg3 h5 32. Bc3 Qd8 33. Qc4 Qxh4+ 34. Kf4 Ng5 0-1

[Event "Budapest Spring op 24th"]
[Site "Budapest"]
[Date "2008.03.23"]
[Round "3"]
[White "Lantos, Attila"]
[Black "Neubauer, Kai"]
[Result "0-1"]
[WhiteElo "1978"]
[BlackElo "1892"]
[PlyCount "80"]
[EventDate "2008.03.21"]
[EventType "swiss"]
[EventRounds "9"]
[EventCountry "HUN"]
[SourceTitle "EXT 2025"]
[Source "ChessBase"]
[SourceDate "2024.10.14"]
[SourceVersion "1"]
[SourceVersionDate "2024.10.14"]
[SourceQuality "1"]

1. e4 c5 2. Nf3 Nc6 3. c3 d5 4. exd5 Qxd5 5. Be2 e5 6. 0-0 e4 7. Ne1 Nf6 8. Na3 Be7 9. Nb5 Qd8 10. d3 a6 11. Na3 Bf5 12. Be3 0-0 13. Nac2 Qb6 14. Qc1 Rad8 15. dxe4 Bxe4 16. f3 Bg6 17. Bf2 Qc7 18. Ne3 Bd6 19. g3 Rfe8 20. a4 h5 21. Bc4 h4 22. Kg2 Nh5 23. Nd5 Qb8 24. Qg5 hxg3 25. hxg3 b5 26. axb5 axb5 27. Ba2 Re2 28. Nf4 Nxf4+ 29. gxf4 Bxf4 30. Qxg6 c4 31. Qh5 Re5 32. Qh3 Rg5+ 33. Kh1 Rd6 34. Ng2 Rh6 35. Nh4 Bg3 36. Bxg3 Rxg3 37. Qh2 Qf4 38. Ng2 Qd2 39. Kg1 Rxh2 40. Rf2 Rgxg2+ 0-1